000 00298nam a22001337a 4500
008 170331b xxu||||| |||| 00| 0 eng d
020 _a2900072900087
041 _aeng
080 _27TH
_a616-053.2
100 _a8
101 _aSHM
245 _aCHILD DEVELOPMENT
_cDEHART, G.B
942 _2udc
_cBK
999 _c9236
_d9236